Information technology for command and control : (Record no. 615127)

000 -LEADER
fixed length control field 01103pam a2200301 a 4500
001 - CONTROL NUMBER
control field 3414868
005 - DATE AND TIME OF LATEST TRANSACTION
control field 20251008165519.0
008 - FIXED-LENGTH DATA ELEMENTS--GENERAL INFORMATION
fixed length control field 901003r1991 nyua b 001 0 eng
010 ## - LIBRARY OF CONGRESS CONTROL NUMBER
LC control number 90020526
020 ## - INTERNATIONAL STANDARD BOOK NUMBER
International Standard Book Number 087942270X :
Terms of availability $59.95
035 ## - SYSTEM CONTROL NUMBER
System control number 3414868
082 00 - DEWEY DECIMAL CLASSIFICATION NUMBER
Classification number 355.3304,INF
245 00 - TITLE STATEMENT
Title Information technology for command and control :
Remainder of title methods and tools for systems development and evaluation /
Statement of responsibility, etc. edited by Stephen J. Andriole, Stanley M. Halpin.
260 ## - PUBLICATION, DISTRIBUTION, ETC.
Place of publication, distribution, etc. New York :
Name of publisher, distributor, etc. IEEE Press,
Date of publication, distribution, etc. c1991.
300 ## - PHYSICAL DESCRIPTION
Extent vii, 576 p. :
Other physical details ill. ;
Dimensions 29 cm.
336 ## - CONTENT TYPE
Content type term text
Content type code txt
Source rdacontent
337 ## - MEDIA TYPE
Media type term unmediated
Media type code n
Source rdamedia
338 ## - CARRIER TYPE
Carrier type term volume
Carrier type code nc
Source rdacarrier
490 0# - SERIES STATEMENT
Series statement IEEE Press selected reprint series
650 #0 - SUBJECT ADDED ENTRY--TOPICAL TERM
Topical term or geographic name entry element Command and control systems.
650 #0 - SUBJECT ADDED ENTRY--TOPICAL TERM
Topical term or geographic name entry element Management
General subdivision Communication systems.
9 (RLIN) 107516
650 #0 - SUBJECT ADDED ENTRY--TOPICAL TERM
Topical term or geographic name entry element Management
General subdivision Data processing.
9 (RLIN) 102900
650 #0 - SUBJECT ADDED ENTRY--TOPICAL TERM
Topical term or geographic name entry element Decision support systems.
9 (RLIN) 55659
700 1# - ADDED ENTRY--PERSONAL NAME
Personal name Andriole, Stephen J.
9 (RLIN) 131023
700 1# - ADDED ENTRY--PERSONAL NAME
Personal name Halpin, Stanley M.
9 (RLIN) 131024
710 2# - ADDED ENTRY--CORPORATE NAME
Corporate name or jurisdiction name as entry element IEEE Systems, Man, and Cybernetics Society.
9 (RLIN) 131025
942 ## - ADDED ENTRY ELEMENTS (KOHA)
Source of classification or shelving scheme
Koha item type Reference
Holdings
Withdrawn status Lost status Source of classification or shelving scheme Damaged status Not for loan Permanent Location Current Location Shelving location Date acquired Total Checkouts Full call number Barcode Date last seen Price effective from Koha item type Public note
          Military College of Signals (MCS) Military College of Signals (MCS) Reference 10/08/2025   355.3304,INF MCS26077 10/08/2025 10/08/2025 Reference Almirah No.76, Shelf No.2
© 2023 Central Library, National University of Sciences and Technology. All Rights Reserved.